Obras completas I

محفوظ في:
التفاصيل البيبلوغرافية
المؤلف الرئيسي: Guzmán, Matín Luis
التنسيق: كتاب
اللغة:Undetermined
منشور في: México, Distrito Federal Fondo de Cultura Económica 1992
الموضوعات:
الوسوم: إضافة وسم
لا توجد وسوم, كن أول من يضع وسما على هذه التسجيلة!

MARC

LEADER 00000nam a2200000Ia 4500
008 170316s9999 xx 000 0 und d
040 |a cru BVZT 
090 |a 860 G-41o v.1 
100 |a Guzmán, Matín Luis 
245 |a Obras completas I 
260 |a México, Distrito Federal 
260 |b Fondo de Cultura Económica 
260 |c 1992 
300 |a 1128 páginas 
650 |a LITERATURA LATINOAMERICANA 
999 |c 8793  |d 8793 
942 |c 15 D  |h 860 G-41o v.1  |2 z